000 00403nam a2200133Ia 4500
008 151001s9999||||xx |||||||||||||| ||und||
100 _aअभय विजय वर्तक
245 _aरासलीला
250 _a2
260 _bसनातन भारतीय संस्कृती संस्था मुंबई
260 _c2011
300 _a76
365 _b21
999 _c997521
_d997518